000 00227nam a2200097Ia 4500
008 120527s9999 xx 000 0 und d
100 _aAshby M. F. etal.
245 _aEngineering materials 2.
260 _bPergamon
942 _cBK
999 _c15633
_d15633